000 00750nam a2200265 i 4500
001 C2-0002594
003 PPAK
005 20210528052008.0
008 970121s1993 my a|||| ||||| | eng d
020 _a9838910538
040 _aPPAK
_beng
_cPPAK
_erda
082 0 4 _a398.2
_223
090 0 0 _a398.2
_bAME
_dK
100 0 _aAmer Haji Matsom,
_eauthor
245 1 4 _aThe king of the forest /
_cAmer Haji Matsom.
264 1 _aKuala Lumpur :
_bPenerbit Orkid ,
_c1993
300 _a28 pages :
_billustrations ;
_c20 cm
336 _2rdacontent
_atext
337 _2rdamedia
_aunmediated
338 _2rdacarrier
_avolume
490 1 _aTales of the clever mouse-deer
650 1 0 _aTales
830 0 _aTales of the clever mouse-deer
942 _cB
_2ddc
999 _c143
_d143